| 000 | 00734nam a22002657a 4500 | ||
|---|---|---|---|
| 001 | 097 | ||
| 003 | DO-SdBNP | ||
| 005 | 20180118144358.0 | ||
| 007 | 097 | ||
| 008 | 151005b19uu sp 00| 0 spa d | ||
| 020 | _a8423313204 | ||
| 040 |
_aBPMSU _bspa _cBPMSU |
||
| 092 |
_aXXXX _bXXXX |
||
| 100 | 1 | _aQueen, Ellery | |
| 240 | 1 | 4 |
_aThe glass village / _leng |
| 245 | 1 | 3 |
_aLa ciudad contra Kowalszyk / _cEllery Queen ; traducción Miguel Giménez Sales. |
| 260 |
_aBarcelona : _bEdiciones Destino, _c[19--]. |
||
| 300 |
_a202 p. ; _c18 cm. |
||
| 490 | 1 |
_aEl observador _v72 |
|
| 700 | 1 | 2 |
_aGiménez Sales, Miguel _etrad. |
| 830 | 0 |
_aEl observador _n72 |
|
| 942 |
_2ddc _cBK |
||
| 945 | _aInventariado, 2018 /LP | ||
| 956 |
_aYngrid Lockward _b10 |
||
| 999 |
_c8564 _d8564 |
||